Prevention of mould growth on sheet rubber during storage (Record no. 65675)

MARC details
000 -LEADER
fixed length control field 00416nam a2200145Ia 4500
100 ## - MAIN ENTRY--AUTHOR NAME
Personal name Hastings J D
245 #0 - TITLE STATEMENT
Title Prevention of mould growth on sheet rubber during storage
260 ## - PUBLICATION, DISTRIBUTION, ETC. (IMPRINT)
Name of publisher Journal of the Rubber Research Institute of Malaya
Year of publication 1938
300 ## - PHYSICAL DESCRIPTION
Number of Pages 250-257
650 ## - SUBJECT ADDED ENTRY--TOPICAL TERM
Topical Term Mould growth
650 ## - SUBJECT ADDED ENTRY--TOPICAL TERM
Topical Term Sheet rubber
700 ## - ADDED ENTRY--PERSONAL NAME
Personal name Piddlesden J H
942 ## - ADDED ENTRY ELEMENTS (KOHA)
Koha item type Journals
Holdings
Withdrawn status Lost status Damaged status Not for loan Home library Current library Shelving location Date acquired Serial Enumeration / chronology Koha item type
      Journals RRII Library RRII Library Pathology 17/12/2021 Volume 8, Issue 3 Journals